000 00856nam a2200229Ii 4500
003 JO-AjNU
008 230605s9999||||xx |||||||||||||| ||und||
017 _a1999/8/1433
020 _a9957-11-065-9
040 _aJO-AjNU
_bara
_erda
_cJO-AjNU
041 _aara
050 1 4 _aK1089.M8422.1999
100 3 _aأبو عمر، محمد عبد الودود عبد الحفيظ,
_eauthor
_933424
245 0 0 _aالمسؤولية الجزائية عن إفشاء السر المصرفي : دراسة مقارنة
250 _aط1
264 3 1 _aعمان : دار وائل ، 1999
300 _a164ص
336 _atext
_btxt
_2rdacontent
337 _aunmediated
_bn
_2rdamedia
338 _avolume
_bnc
_2rdacarrier
650 4 _aالبنوك -- قوانين وتشريعات -- الأردن -- المسئولية الجنائية -- الأردن
_933425
999 _aA13603
_c17171
_d17171